000 00194nam a2200097Ia 4500
008 240331s9999 xx 000 0 und d
082 _bAMM
100 _aAmmal,A.N
245 0 _aKavalai
942 _cL
999 _c3610
_d3610